| 000 | 00800 a2200265 4500 | ||
|---|---|---|---|
| 999 |
_c22350 _d9012 |
||
| 001 | 22350 | ||
| 003 | TR-AnTOB | ||
| 005 | 20250712073805.0 | ||
| 008 | 041102s1998 tu tur | ||
| 020 | _a975833400X | ||
| 040 |
_aTR-AnTOB _beng _cTR-AnTOB _erda |
||
| 041 | 0 | _atur | |
| 050 |
_aDS329.4 _b.U94 1998 |
||
| 090 | _aDS329.4 .U94 1998 | ||
| 245 | 0 |
_aUygarlığın yeni yolu Avrasya / _cderl. Erol Göka, Murat Yılmaz. |
|
| 264 | 1 |
_aİstanbul : _bKızılelma Yayıncılık, _c1998. |
|
| 300 |
_a214 pages ; _c24 cm. |
||
| 336 |
_2rdacontent _atext _btxt |
||
| 337 |
_2rdamedia _aunmediated _bn |
||
| 338 |
_2rdacarrier _avolume _bnc |
||
| 490 | 0 |
_aKızılelma Yayıncılık; _v2. _aSiyaset-Tarih-Tartışma Kitapları; _v2 |
|
| 651 | 0 |
_aAsya, Orta _xTarih _985739 |
|
| 942 |
_cBK _2lcc |
||